header

The handbook of health behavior change (Record no. 24808)

MARC details
000 -LEADER
fixed length control field 01343nam a2200361Ia 4500
245 04 - TITLE STATEMENT
Title The handbook of health behavior change
250 ## - EDITION STATEMENT
Edition statement 3rd ed.
260 ## - PUBLICATION, DISTRIBUTION, ETC. (IMPRINT)
Place of publication New York :
Name of publisher Springer Pub. Co.,
Year of publication c2009.
300 ## - PHYSICAL DESCRIPTION
Number of Pages xxxi, 827 p. :
Other physical details ill.
650 #0 - SUBJECT ADDED ENTRY--TOPICAL TERM
Topical Term Health behavior.
Topical Term Health attitudes.
Topical Term Self-care, Health.
Topical Term Behavior modification.
700 1# - ADDED ENTRY--PERSONAL NAME
Personal name Shumaker, Sally A.
Personal name Ockene, Judith K.
Personal name Riekert, Kristin A.
856 40 - ELECTRONIC LOCATION AND ACCESS
Uniform Resource Identifier http://site.ebrary.com/lib/rucke/Doc?id=10265465

No items available.

© 2026 Rongo University
Contact us: librarian | system librarian | Rongo university